[Event "World Chess Olympiad 2018"]
[Site "Batumi"]
[Date "2018.09.24"]
[Round "1"]
[Board "1"]
[WhiteFideId "11000120"]
[White "Makoto Rodwell"]
[BlackFideId "112275"]
[Black "Mareco Sandro"]
[Result "0-1"]
[LiveChessVersion "1.4.8"]
[BlackElo "2649"]
[WhiteElo "2338"]

1. Nf3 {[%clk 1:30:51]} d5 {[%clk 1:30:57]} 2. c4 {[%clk 1:31:02]} d4
{[%clk 1:31:23]} 3. b4 {[%clk 1:30:46]} c5 {[%clk 1:31:48]} 4. g3
{[%clk 1:29:09]} cxb4 {[%clk 1:31:53]} 5. a3 {[%clk 1:29:01]} bxa3
{[%clk 1:32:17]} 6. Bxa3 {[%clk 1:28:47]} Nc6 {[%clk 1:32:38]} 7. d3
{[%clk 1:28:24]} g6 {[%clk 1:31:59]} 8. Bg2 {[%clk 1:26:37]} Bg7 {[%clk 1:32:24]}
9. Nbd2 {[%clk 1:25:42]} Nh6 {[%clk 1:32:40]} 10. O-O {[%clk 1:24:31]} O-O
{[%clk 1:32:44]} 11. Ne4 {[%clk 1:19:32]} b6 {[%clk 1:28:40]} 12. Qb3
{[%clk 1:14:17]} Rb8 {[%clk 1:28:41]} 13. Ne1 {[%clk 1:07:50]} Nf5
{[%clk 1:17:30]} 14. Nc2 {[%clk 1:05:59]} Bd7 {[%clk 1:14:01]} 15. Rfb1
{[%clk 1:02:40]} a5 {[%clk 1:13:49]} 16. Bc1 {[%clk 0:59:43]} h6 {[%clk 1:10:27]}
17. Na3 {[%clk 0:59:32]} Na7 {[%clk 1:09:39]} 18. Rb2 {[%clk 0:55:36]} e5
{[%clk 1:06:25]} 19. Rab1 {[%clk 0:53:05]} Ne7 {[%clk 1:02:03]} 20. Nd6
{[%clk 0:38:59]} Bc6 {[%clk 1:00:17]} 21. Nab5 {[%clk 0:38:36]} Bxg2
{[%clk 0:58:53]} 22. Kxg2 {[%clk 0:39:04]} Nac6 {[%clk 0:59:06]} 23. Bd2
{[%clk 0:36:46]} Qd7 {[%clk 0:58:42]} 24. c5 {[%clk 0:31:28]} bxc5
{[%clk 0:55:58]} 25. Qc4 {[%clk 0:29:09]} Nb4 {[%clk 0:44:57]} 26. Ra1
{[%clk 0:16:29]} Qc6+ {[%clk 0:43:59]} 27. f3 {[%clk 0:16:21]} Qb6
{[%clk 0:38:19]} 28. f4 {[%clk 0:08:28]} exf4 {[%clk 0:37:40]} 29. Bxf4
{[%clk 0:08:38]} Ned5 {[%clk 0:37:52]} 30. Rf1 {[%clk 0:07:05]} g5
{[%clk 0:37:25]} 31. Bd2 {[%clk 0:07:01]} Qc6 {[%clk 0:37:40]} 32. Kg1
{[%clk 0:06:13]} Rxb5 {[%clk 0:37:42]} 0-1

[Event "World Chess Olympiad 2018"]
[Site "Batumi"]
[Date "2018.09.24"]
[Round "1"]
[Board "2"]
[WhiteFideId "105309"]
[White "Peralta Fernando"]
[BlackFideId "11309504"]
[Black "Mushore Emarald Takudzwa"]
[Result "1-0"]
[LiveChessVersion "1.4.8"]
[BlackElo "2152"]
[WhiteElo "2569"]

1. d4 {[%clk 1:30:52]} Nf6 {[%clk 1:30:49]} 2. c4 {[%clk 1:31:15]} e6
{[%clk 1:31:11]} 3. Nc3 {[%clk 1:31:18]} Bb4 {[%clk 1:31:36]} 4. e3
{[%clk 1:31:43]} O-O {[%clk 1:31:44]} 5. Bd3 {[%clk 1:32:09]} d5 {[%clk 1:31:24]}
6. cxd5 {[%clk 1:32:24]} exd5 {[%clk 1:31:39]} 7. Nge2 {[%clk 1:32:50]} c5
{[%clk 1:30:03]} 8. O-O {[%clk 1:32:52]} Nc6 {[%clk 1:30:30]} 9. a3
{[%clk 1:33:11]} cxd4 {[%clk 1:30:37]} 10. axb4 {[%clk 1:32:11]} dxc3
{[%clk 1:31:03]} 11. b5 {[%clk 1:32:11]} Ne5 {[%clk 1:31:12]} 12. Nxc3
{[%clk 1:32:04]} Nxd3 {[%clk 1:24:43]} 13. Qxd3 {[%clk 1:32:29]} Re8
{[%clk 1:15:13]} 14. f3 {[%clk 1:21:03]} Qb6 {[%clk 1:02:24]} 15. Ne2
{[%clk 1:13:25]} Be6 {[%clk 0:56:24]} 16. Bd2 {[%clk 1:10:54]} Bd7
{[%clk 0:47:37]} 17. Nd4 {[%clk 1:10:25]} a6 {[%clk 0:41:57]} 18. bxa6
{[%clk 1:07:43]} Rxa6 {[%clk 0:42:23]} 19. Rxa6 {[%clk 1:02:08]} bxa6
{[%clk 0:42:44]} 20. Bc3 {[%clk 1:01:36]} a5 {[%clk 0:39:09]} 21. Qd2
{[%clk 0:54:43]} a4 {[%clk 0:38:39]} 22. Rc1 {[%clk 0:55:04]} Rc8
{[%clk 0:36:59]} 23. Ne2 {[%clk 0:53:32]} h6 {[%clk 0:31:37]} 24. Nf4
{[%clk 0:52:36]} Rc4 {[%clk 0:16:34]} 25. Bxf6 {[%clk 0:48:55]} Rxc1+
{[%clk 0:16:05]} 26. Qxc1 {[%clk 0:49:22]} Qxf6 {[%clk 0:16:12]} 27. Nxd5
{[%clk 0:49:30]} Qe5 {[%clk 0:16:20]} 28. Nc3 {[%clk 0:47:37]} Qa5
{[%clk 0:14:32]} 29. h3 {[%clk 0:43:22]} Be6 {[%clk 0:12:45]} 30. Ne2
{[%clk 0:43:05]} Qg5 {[%clk 0:12:25]} 31. Kf1 {[%clk 0:40:53]} Qb5
{[%clk 0:12:33]} 32. Kf2 {[%clk 0:41:03]} Qb6 {[%clk 0:10:58]} 33. Qc3
{[%clk 0:40:44]} Qd8 {[%clk 0:10:02]} 34. Nd4 {[%clk 0:32:08]} Bd7
{[%clk 0:09:07]} 35. Qb4 {[%clk 0:31:21]} Qh4+ {[%clk 0:09:03]} 36. Kf1
{[%clk 0:30:56]} Qg3 {[%clk 0:08:20]} 37. Ne2 {[%clk 0:28:00]} Qe5
{[%clk 0:08:35]} 38. Qd4 {[%clk 0:27:18]} Qb5 {[%clk 0:08:52]} 39. Kf2
{[%clk 0:27:02]} Qf5 {[%clk 0:08:27]} 40. Nf4 {[%clk 0:55:25]} Bb5
{[%clk 0:38:01]} 41. Qc3 {[%clk 0:45:02]} Qb1 {[%clk 0:35:06]} 42. Kg3
{[%clk 0:43:02]} Qf5 {[%clk 0:35:03]} 43. Kh2 {[%clk 0:43:08]} Bd7
{[%clk 0:32:54]} 44. Qd4 {[%clk 0:38:42]} Qb5 {[%clk 0:31:18]} 45. Nd5
{[%clk 0:36:32]} Be6 {[%clk 0:24:01]} 46. Ne7+ {[%clk 0:31:38]} Kf8
{[%clk 0:23:29]} 47. Qd6 {[%clk 0:31:59]} Qd7 {[%clk 0:20:19]} 48. Ng6+
{[%clk 0:29:55]} Kg8 {[%clk 0:19:46]} 49. Qb8+ {[%clk 0:30:18]} 1-0

[Event "World Chess Olympiad 2018"]
[Site "Batumi"]
[Date "2018.09.24"]
[Round "1"]
[Board "3"]
[WhiteFideId "11001933"]
[White "Zhemba Jemusse"]
[BlackFideId "110973"]
[Black "Pichot Alan"]
[Result "0-1"]
[LiveChessVersion "1.4.8"]
[BlackElo "2562"]
[WhiteElo "2138"]

1. e4 {[%clk 1:30:50]} c5 {[%clk 1:30:49]} 2. Ne2 {[%clk 1:30:50]} d6
{[%clk 1:30:04]} 3. Nbc3 {[%clk 1:31:06]} Nf6 {[%clk 1:29:07]} 4. g3
{[%clk 1:30:04]} Nc6 {[%clk 1:29:07]} 5. Bg2 {[%clk 1:30:23]} g6 {[%clk 1:29:18]}
6. d4 {[%clk 1:30:24]} cxd4 {[%clk 1:29:33]} 7. Nxd4 {[%clk 1:30:50]} Bd7
{[%clk 1:29:34]} 8. O-O {[%clk 1:30:23]} Bg7 {[%clk 1:29:37]} 9. Nb3
{[%clk 1:30:22]} O-O {[%clk 1:27:44]} 10. Nd5 {[%clk 1:29:07]} Nxd5
{[%clk 1:19:10]} 11. exd5 {[%clk 1:29:20]} Ne5 {[%clk 1:19:33]} 12. h3
{[%clk 1:28:04]} a5 {[%clk 1:13:30]} 13. Nd4 {[%clk 1:26:31]} Qb6
{[%clk 1:10:34]} 14. c3 {[%clk 1:23:43]} a4 {[%clk 1:03:55]} 15. Qe2
{[%clk 1:23:19]} Rfc8 {[%clk 0:57:26]} 16. Kh2 {[%clk 1:16:21]} a3
{[%clk 0:56:20]} 17. bxa3 {[%clk 1:10:58]} Rxc3 {[%clk 0:54:02]} 18. Be3
{[%clk 1:10:52]} Nc4 {[%clk 0:49:06]} 19. Rab1 {[%clk 1:09:14]} Qa6
{[%clk 0:37:13]} 20. Rfc1 {[%clk 1:03:45]} Rxc1 {[%clk 0:23:01]} 21. Rxc1
{[%clk 1:03:24]} Nxe3 {[%clk 0:16:33]} 22. Qxe3 {[%clk 1:02:05]} Bf6
{[%clk 0:14:23]} 23. Rc7 {[%clk 1:00:35]} Be8 {[%clk 0:14:15]} 24. Nc2
{[%clk 0:59:54]} b5 {[%clk 0:12:54]} 25. Nb4 {[%clk 0:57:51]} Qa5
{[%clk 0:10:22]} 26. Rb7 {[%clk 0:57:31]} Kg7 {[%clk 0:10:19]} 27. Nc6
{[%clk 0:57:12]} Qxa3 {[%clk 0:09:56]} 28. Qxa3 {[%clk 0:56:53]} Rxa3
{[%clk 0:10:22]} 29. Rxb5 {[%clk 0:56:46]} Rxa2 {[%clk 0:09:14]} 30. Rb8
{[%clk 0:56:43]} Bd7 {[%clk 0:04:44]} 31. Rb7 {[%clk 0:55:10]} Bxc6
{[%clk 0:04:29]} 32. dxc6 {[%clk 0:55:34]} Rxf2 {[%clk 0:04:53]} 33. Rd7
{[%clk 0:54:21]} Rc2 {[%clk 0:04:36]} 34. h4 {[%clk 0:51:05]} d5 {[%clk 0:04:25]}
35. c7 {[%clk 0:50:34]} e6 {[%clk 0:04:34]} 36. h5 {[%clk 0:49:58]} Be5
{[%clk 0:04:04]} 37. h6+ {[%clk 0:49:09]} Kf6 {[%clk 0:04:27]} 38. Rd8
{[%clk 0:49:31]} Rxc7 {[%clk 0:04:53]} 39. Rh8 {[%clk 0:49:53]} g5
{[%clk 0:05:17]} 40. Rg8 {[%clk 1:18:58]} Rc3 {[%clk 0:35:33]} 41. Kg1
{[%clk 1:17:53]} Bxg3 {[%clk 0:33:02]} 42. Bh3 {[%clk 1:17:45]} Bf4
{[%clk 0:33:13]} 43. Bf1 {[%clk 1:17:46]} g4 {[%clk 0:33:14]} 44. Rxg4
{[%clk 1:18:03]} Rg3+ {[%clk 0:33:35]} 45. Rxg3 {[%clk 1:18:23]} Bxg3
{[%clk 0:34:01]} 46. Bd3 {[%clk 1:18:50]} Bf4 {[%clk 0:34:26]} 47. Bxh7
{[%clk 1:18:50]} Bxh6 {[%clk 0:34:51]} 48. Kf2 {[%clk 1:19:03]} Ke7
{[%clk 0:35:12]} 49. Kf3 {[%clk 1:19:02]} f5 {[%clk 0:35:39]} 50. Bg6
{[%clk 1:19:03]} Kf6 {[%clk 0:36:05]} 51. Be8 {[%clk 1:19:06]} e5
{[%clk 0:36:33]} 52. Bc6 {[%clk 1:19:18]} e4+ {[%clk 0:37:00]} 53. Kf2
{[%clk 1:19:26]} Ke5 {[%clk 0:37:29]} 54. Bb5 {[%clk 1:19:27]} d4
{[%clk 0:37:55]} 55. Bf1 {[%clk 1:19:25]} d3 {[%clk 0:38:21]} 56. Ke1
{[%clk 1:19:27]} Kd4 {[%clk 0:38:48]} 57. Bh3 {[%clk 1:19:25]} f4
{[%clk 0:39:14]} 58. Bg4 {[%clk 1:19:09]} f3 {[%clk 0:39:36]} 59. Kd1
{[%clk 1:19:15]} f2 {[%clk 0:39:51]} 60. Bh3 {[%clk 1:19:37]} e3 {[%clk 0:40:15]}
0-1

[Event "World Chess Olympiad 2018"]
[Site "Batumi"]
[Date "2018.09.24"]
[Round "1"]
[Board "4"]
[WhiteFideId "117927"]
[White "Perez Ponsa Federico"]
[BlackFideId "14300753"]
[Black "Masango Spencer"]
[Result "1-0"]
[LiveChessVersion "1.4.8"]
[BlackElo "2121"]
[WhiteElo "2548"]

1. e4 {[%clk 1:30:57]} e5 {[%clk 1:30:49]} 2. Nf3 {[%clk 1:31:22]} Nc6
{[%clk 1:31:12]} 3. Bb5 {[%clk 1:31:45]} Nf6 {[%clk 1:31:28]} 4. d3
{[%clk 1:31:57]} Bc5 {[%clk 1:31:38]} 5. c3 {[%clk 1:32:16]} O-O {[%clk 1:31:42]}
6. O-O {[%clk 1:32:32]} Re8 {[%clk 1:29:53]} 7. Bg5 {[%clk 1:32:15]} h6
{[%clk 1:28:52]} 8. Bh4 {[%clk 1:32:32]} a6 {[%clk 1:28:38]} 9. Bxc6
{[%clk 1:31:48]} bxc6 {[%clk 1:26:31]} 10. d4 {[%clk 1:22:18]} Be7
{[%clk 1:25:42]} 11. Re1 {[%clk 1:08:19]} exd4 {[%clk 1:20:49]} 12. cxd4
{[%clk 1:03:42]} Rb8 {[%clk 1:13:42]} 13. Qc2 {[%clk 0:59:47]} c5
{[%clk 1:09:54]} 14. dxc5 {[%clk 0:56:35]} Rb5 {[%clk 1:09:09]} 15. Nc3
{[%clk 0:44:44]} Rxc5 {[%clk 1:08:27]} 16. b4 {[%clk 0:42:13]} Rh5
{[%clk 0:48:51]} 17. e5 {[%clk 0:41:45]} Ng4 {[%clk 0:46:06]} 18. Bxe7
{[%clk 0:36:34]} Rxe7 {[%clk 0:39:20]} 19. Nd5 {[%clk 0:34:09]} Bb7
{[%clk 0:38:08]} 20. Nxe7+ {[%clk 0:33:16]} Qxe7 {[%clk 0:38:32]} 21. Qc3
{[%clk 0:33:22]} Bxf3 {[%clk 0:32:02]} 22. Qxf3 {[%clk 0:33:47]} Rxe5
{[%clk 0:32:23]} 23. Qc3 {[%clk 0:30:32]} Rxe1+ {[%clk 0:24:46]} 24. Qxe1
{[%clk 0:29:25]} Qh4 {[%clk 0:21:10]} 25. Qe8+ {[%clk 0:28:58]} Kh7
{[%clk 0:21:32]} 26. Qe4+ {[%clk 0:29:22]} Kg8 {[%clk 0:20:12]} 27. Qf4
{[%clk 0:29:31]} Qf6 {[%clk 0:18:46]} 28. Qxf6 {[%clk 0:27:09]} Nxf6
{[%clk 0:19:10]} 29. Re1 {[%clk 0:27:33]} c6 {[%clk 0:18:57]} 30. f3
{[%clk 0:27:27]} Kf8 {[%clk 0:19:14]} 31. Re5 {[%clk 0:25:27]} d6
{[%clk 0:19:19]} 32. Ra5 {[%clk 0:22:19]} Nd5 {[%clk 0:19:32]} 33. Rxd5
{[%clk 0:21:19]} cxd5 {[%clk 0:19:52]} 34. Kf2 {[%clk 0:21:47]} Ke7
{[%clk 0:19:26]} 35. Ke3 {[%clk 0:22:13]} Kd7 {[%clk 0:19:22]} 36. Kd4
{[%clk 0:22:36]} Kc6 {[%clk 0:19:47]} 37. a4 {[%clk 0:22:59]} f6 {[%clk 0:19:05]}
38. f4 {[%clk 0:22:30]} h5 {[%clk 0:19:02]} 39. f5 {[%clk 0:22:37]} h4
{[%clk 0:18:13]} 40. h3 {[%clk 0:50:39]} 1-0

[Event "World Chess Olympiad 2018"]
[Site "Batumi"]
[Date "2018.09.24"]
[Round "1"]
[Board "1"]
[WhiteFideId "1204297"]
[White "Parligras Mircea-Emilian"]
[BlackFideId "6100031"]
[Black "Lacayo Rene"]
[Result "1-0"]
[LiveChessVersion "1.4.8"]
[BlackElo "2228"]
[WhiteElo "2623"]

1. d4 {[%clk 1:30:55]} d5 {[%clk 1:30:50]} 2. c4 {[%clk 1:31:06]} e6
{[%clk 1:31:13]} 3. Nf3 {[%clk 1:31:09]} c6 {[%clk 1:31:15]} 4. e3
{[%clk 1:31:17]} Nf6 {[%clk 1:31:34]} 5. Bd3 {[%clk 1:31:22]} Nbd7
{[%clk 1:31:28]} 6. O-O {[%clk 1:31:26]} Bd6 {[%clk 1:31:53]} 7. Nc3
{[%clk 1:29:37]} O-O {[%clk 1:31:11]} 8. e4 {[%clk 1:26:45]} dxe4
{[%clk 1:27:22]} 9. Nxe4 {[%clk 1:27:05]} Nxe4 {[%clk 1:21:25]} 10. Bxe4
{[%clk 1:27:29]} f5 {[%clk 1:13:43]} 11. Bc2 {[%clk 1:25:17]} e5 {[%clk 1:13:04]}
12. c5 {[%clk 1:01:27]} Be7 {[%clk 1:11:44]} 13. Nxe5 {[%clk 1:01:06]} Nxe5
{[%clk 1:11:57]} 14. dxe5 {[%clk 1:01:31]} Bxc5 {[%clk 1:11:04]} 15. Bb3+
{[%clk 1:01:34]} Kh8 {[%clk 1:11:32]} 16. Bf4 {[%clk 0:48:47]} Qe7
{[%clk 1:07:34]} 17. Qc1 {[%clk 0:48:07]} Bd4 {[%clk 0:59:41]} 18. e6
{[%clk 0:41:29]} c5 {[%clk 0:58:20]} 19. Re1 {[%clk 0:40:41]} a5 {[%clk 0:54:37]}
20. Be5 {[%clk 0:36:58]} Ra6 {[%clk 0:41:57]} 21. Bc4 {[%clk 0:29:22]} b5
{[%clk 0:33:21]} 22. Bxb5 {[%clk 0:29:47]} Rxe6 {[%clk 0:33:41]} 23. Bxd4
{[%clk 0:30:13]} cxd4 {[%clk 0:33:58]} 24. Qd2 {[%clk 0:29:04]} Qc5
{[%clk 0:15:58]} 25. a4 {[%clk 0:28:04]} Rg6 {[%clk 0:11:20]} 26. Be8
{[%clk 0:28:01]} Re6 {[%clk 0:10:20]} 27. Rac1 {[%clk 0:26:57]} Qe7
{[%clk 0:08:26]} 28. Bb5 {[%clk 0:26:37]} Qa7 {[%clk 0:04:33]} 29. Qf4
{[%clk 0:22:52]} Rxe1+ {[%clk 0:02:52]} 30. Rxe1 {[%clk 0:23:11]} Qc5
{[%clk 0:03:08]} 31. Qe5 {[%clk 0:20:43]} Qb4 {[%clk 0:02:15]} 32. Rc1
{[%clk 0:17:54]} d3 {[%clk 0:01:47]} 33. Rc7 {[%clk 0:17:35]} Qg4
{[%clk 0:01:26]} 34. Bxd3 {[%clk 0:15:14]} h6 {[%clk 0:01:11]} 35. h3
{[%clk 0:14:03]} Qg5 {[%clk 0:01:10]} 36. Qxa5 {[%clk 0:13:47]} Rd8
{[%clk 0:01:23]} 37. Qe5 {[%clk 0:10:46]} Rxd3 {[%clk 0:01:09]} 38. Rxc8+
{[%clk 0:11:05]} Kh7 {[%clk 0:01:37]} 39. g3 {[%clk 0:09:05]} h5 {[%clk 0:01:08]}
40. Rc5 {[%clk 0:37:15]} h4 {[%clk 0:31:19]} 41. Qxf5+ {[%clk 0:36:47]} Qxf5
{[%clk 0:31:48]} 42. Rxf5 {[%clk 0:37:12]} hxg3 {[%clk 0:32:13]} 43. fxg3
{[%clk 0:37:01]} Rxg3+ {[%clk 0:32:33]} 44. Kh2 {[%clk 0:37:25]} 1-0

[Event "World Chess Olympiad 2018"]
[Site "Batumi"]
[Date "2018.09.24"]
[Round "1"]
[Board "2"]
[WhiteFideId "6100775"]
[White "Rocha Maximiliano"]
[BlackFideId "1226380"]
[Black "Deac Bogdan-Daniel"]
[Result "0-1"]
[LiveChessVersion "1.4.8"]
[BlackElo "2594"]
[WhiteElo "2185"]

1. e4 {[%clk 1:30:56]} e5 {[%clk 1:30:46]} 2. Nf3 {[%clk 1:30:53]} Nc6
{[%clk 1:31:14]} 3. Bc4 {[%clk 1:31:04]} Bc5 {[%clk 1:31:36]} 4. O-O
{[%clk 1:30:35]} Nf6 {[%clk 1:31:53]} 5. d3 {[%clk 1:28:13]} d6 {[%clk 1:30:39]}
6. c3 {[%clk 1:28:08]} O-O {[%clk 1:31:01]} 7. Bg5 {[%clk 1:25:58]} h6
{[%clk 1:28:19]} 8. Be3 {[%clk 1:21:59]} Bb6 {[%clk 1:19:35]} 9. Bb3
{[%clk 1:08:25]} Ne7 {[%clk 1:19:10]} 10. Nbd2 {[%clk 1:08:00]} Ng6
{[%clk 1:18:29]} 11. Nc4 {[%clk 1:05:04]} Bg4 {[%clk 1:17:22]} 12. h3
{[%clk 1:02:13]} Bh5 {[%clk 1:17:42]} 13. Bxb6 {[%clk 1:02:35]} axb6
{[%clk 1:18:07]} 14. Ne3 {[%clk 1:02:57]} Nf4 {[%clk 1:17:36]} 15. Nf5
{[%clk 0:52:01]} Nd7 {[%clk 1:17:07]} 16. Ng3 {[%clk 0:49:35]} Bg6
{[%clk 1:17:03]} 17. d4 {[%clk 0:48:01]} Qf6 {[%clk 1:10:16]} 18. Re1
{[%clk 0:36:26]} b5 {[%clk 1:09:25]} 19. dxe5 {[%clk 0:27:16]} Nxe5
{[%clk 1:09:53]} 20. Nxe5 {[%clk 0:27:31]} dxe5 {[%clk 1:08:41]} 21. Qd7
{[%clk 0:20:17]} Qb6 {[%clk 1:00:03]} 22. Rad1 {[%clk 0:19:33]} Kh7
{[%clk 1:00:22]} 23. a3 {[%clk 0:17:30]} h5 {[%clk 0:51:57]} 24. Nf5
{[%clk 0:15:16]} Rae8 {[%clk 0:36:14]} 25. Re3 {[%clk 0:11:44]} Rd8
{[%clk 0:15:07]} 26. Qe7 {[%clk 0:09:13]} Rfe8 {[%clk 0:03:56]} 27. Qg5
{[%clk 0:06:40]} f6 {[%clk 0:01:17]} 28. Qh4 {[%clk 0:05:53]} Rxd1+
{[%clk 0:01:11]} 29. Bxd1 {[%clk 0:06:22]} Bf7 {[%clk 0:00:38]} 30. Re1
{[%clk 0:02:15]} Rd8 {[%clk 0:00:47]} 31. Qg3 {[%clk 0:01:30]} g6
{[%clk 0:01:01]} 32. Nh4 {[%clk 0:00:36]} Rxd1 {[%clk 0:01:24]} 0-1

[Event "World Chess Olympiad 2018"]
[Site "Batumi"]
[Date "2018.09.24"]
[Round "1"]
[Board "3"]
[WhiteFideId "1203975"]
[White "Vajda Levente"]
[BlackFideId "6100457"]
[Black "Alfaro William"]
[Result "1-0"]
[LiveChessVersion "1.4.8"]
[BlackElo "2163"]
[WhiteElo "2551"]

1. Nf3 {[%clk 1:30:54]} Nf6 {[%clk 1:27:14]} 2. g3 {[%clk 1:31:18]} g6
{[%clk 1:26:32]} 3. Bg2 {[%clk 1:31:43]} Bg7 {[%clk 1:26:58]} 4. d4
{[%clk 1:31:40]} O-O {[%clk 1:23:48]} 5. c4 {[%clk 1:32:04]} d6 {[%clk 1:24:08]}
6. O-O {[%clk 1:32:28]} Nbd7 {[%clk 1:22:55]} 7. Nc3 {[%clk 1:32:51]} e5
{[%clk 1:23:20]} 8. e4 {[%clk 1:32:44]} exd4 {[%clk 1:17:13]} 9. Nxd4
{[%clk 1:33:08]} Re8 {[%clk 1:17:35]} 10. Re1 {[%clk 1:33:23]} a6
{[%clk 1:17:57]} 11. h3 {[%clk 1:33:44]} Ne5 {[%clk 1:18:15]} 12. b3
{[%clk 1:33:36]} c5 {[%clk 1:18:35]} 13. Nde2 {[%clk 1:28:31]} Bxh3
{[%clk 0:59:55]} 14. Bxh3 {[%clk 1:16:21]} Nf3+ {[%clk 1:00:20]} 15. Kf1
{[%clk 1:16:28]} Nxe1 {[%clk 0:58:52]} 16. Qxe1 {[%clk 1:16:50]} Nxe4
{[%clk 0:58:10]} 17. Nxe4 {[%clk 1:16:40]} Rxe4 {[%clk 0:57:53]} 18. Rb1
{[%clk 1:14:37]} Qe7 {[%clk 0:45:50]} 19. Bg2 {[%clk 1:09:29]} Re8
{[%clk 0:45:53]} 20. Bxe4 {[%clk 1:05:03]} Qxe4 {[%clk 0:46:17]} 21. Be3
{[%clk 1:05:29]} Bd4 {[%clk 0:46:01]} 22. Rd1 {[%clk 1:01:22]} Qh1+
{[%clk 0:31:29]} 23. Ng1 {[%clk 1:01:44]} Re6 {[%clk 0:19:05]} 24. Rd3
{[%clk 1:01:38]} Qe4 {[%clk 0:09:42]} 25. Qd1 {[%clk 1:00:29]} Be5
{[%clk 0:06:51]} 26. Nf3 {[%clk 0:58:26]} b5 {[%clk 0:04:43]} 27. Ng5
{[%clk 0:57:28]} Qh1+ {[%clk 0:04:59]} 28. Ke2 {[%clk 0:57:51]} Qh5+
{[%clk 0:04:42]} 29. Kd2 {[%clk 0:58:14]} Qxd1+ {[%clk 0:04:04]} 30. Kxd1
{[%clk 0:58:38]} Re8 {[%clk 0:04:24]} 31. Nf3 {[%clk 0:58:58]} 1-0

[Event "World Chess Olympiad 2018"]
[Site "Batumi"]
[Date "2018.09.24"]
[Round "1"]
[Board "4"]
[WhiteFideId "6100376"]
[White "Picado Jorge"]
[BlackFideId "1211668"]
[Black "Chirila Ioan-Cristian"]
[Result "0-1"]
[LiveChessVersion "1.4.8"]
[BlackElo "2576"]
[WhiteElo "2143"]

1. e4 {[%clk 1:30:31]} c5 2. Nf3 {[%clk 1:30:47]} Nc6 {[%clk 1:30:54]} 3. Bb5
{[%clk 1:31:05]} e6 {[%clk 1:31:03]} 4. O-O {[%clk 1:29:42]} Nge7
{[%clk 1:31:18]} 5. c4 {[%clk 1:23:31]} Qc7 {[%clk 1:11:39]} 6. Nc3
{[%clk 1:21:51]} Nd4 {[%clk 1:07:20]} 7. Ba4 {[%clk 1:11:28]} Nec6
{[%clk 1:04:57]} 8. d3 {[%clk 1:11:23]} Bd6 {[%clk 1:02:25]} 9. g3
{[%clk 1:05:06]} Nxf3+ {[%clk 0:58:55]} 10. Qxf3 {[%clk 1:04:46]} Nd4
{[%clk 0:58:43]} 11. Qg4 {[%clk 1:04:21]} Be5 {[%clk 0:41:25]} 12. f4
{[%clk 0:57:35]} h5 {[%clk 0:41:41]} 13. Qh3 {[%clk 0:57:08]} Bf6
{[%clk 0:41:13]} 14. g4 {[%clk 0:56:18]} a6 {[%clk 0:37:42]} 15. g5
{[%clk 0:50:07]} Be7 {[%clk 0:37:56]} 16. f5 {[%clk 0:49:32]} b5 {[%clk 0:28:40]}
17. Bd1 {[%clk 0:31:41]} bxc4 {[%clk 0:20:48]} 18. dxc4 {[%clk 0:32:04]} Bb7
{[%clk 0:20:37]} 19. fxe6 {[%clk 0:29:10]} dxe6 {[%clk 0:18:17]} 20. Bf4
{[%clk 0:27:39]} Bd6 {[%clk 0:17:10]} 21. Ba4+ {[%clk 0:26:23]} Bc6
{[%clk 0:16:00]} 22. Bxc6+ {[%clk 0:24:18]} Qxc6 {[%clk 0:16:12]} 23. Rae1
{[%clk 0:20:54]} Qc7 {[%clk 0:08:02]} 24. Bxd6 {[%clk 0:18:40]} Qxd6
{[%clk 0:08:28]} 25. e5 {[%clk 0:18:55]} Qe7 {[%clk 0:04:12]} 26. Ne4
{[%clk 0:18:20]} Nf5 {[%clk 0:04:30]} 27. g6 {[%clk 0:10:24]} fxg6
{[%clk 0:02:56]} 28. Qg2 {[%clk 0:10:38]} O-O-O {[%clk 0:01:30]} 29. Qxg6 Rh6
{[%clk 0:00:46]} 30. Qg2 {[%clk 0:08:23]} Kb8 {[%clk 0:01:04]} 31. Rd1
{[%clk 0:07:36]} Rxd1 {[%clk 0:01:11]} 32. Rxd1 {[%clk 0:07:44]} Ne3
{[%clk 0:01:40]} 33. Qd2 {[%clk 0:07:17]} Rg6+ {[%clk 0:01:53]} 34. Kh1
{[%clk 0:07:04]} Nxd1 {[%clk 0:02:17]} 35. Qxd1 {[%clk 0:07:26]} Rg4
{[%clk 0:00:53]} 36. Nd6 {[%clk 0:07:06]} Qc7 {[%clk 0:01:05]} 37. Qf3
{[%clk 0:07:11]} Ka7 {[%clk 0:01:17]} 38. a3 {[%clk 0:05:53]} Kb6
{[%clk 0:01:19]} 39. Qb3+ {[%clk 0:05:47]} Ka7 {[%clk 0:01:48]} 40. Qf3
{[%clk 0:36:15]} Rg5 {[%clk 0:31:32]} 41. Qe4 {[%clk 0:34:18]} Kb6 0-1